| 000 | 00734cab a2200241 4500 | ||
|---|---|---|---|
| 001 | ABS53431 | ||
| 008 | 090401t1995 xxu||||| |||| 00| 0 eng d | ||
| 035 | _a(Sirsi) u4134 | ||
| 041 | _aeng | ||
| 245 | 4 | _aThe housing market in the 1990s | |
| 260 | _c1995 | ||
| 350 | _a0 | ||
| 490 |
_aEstates Gazette _v(9535) 2 September 1995, 132-133(2) |
||
| 520 | _aThis mainly for students article discusses the reasons for the current problems in the housing market. | ||
| 650 | _aHOUSE PRICES | ||
| 650 | _aHOUSING MARKET | ||
| 650 | _aMAINLY FOR STUDENTS | ||
| 650 | _aOWNER-OCCUPATION | ||
| 650 | _aSUPPLY AND DEMAND | ||
| 690 | _aPROPERTY-RESIDENTIAL PROPERTY-RESIDENTIAL PROPERTY MARKET | ||
| 942 | _n0 | ||
| 948 | _c04/03/1997 | ||
| 999 |
_c2473 _d2473 |
||